| 000 | 00395nam a2200133 u 4500 | ||
|---|---|---|---|
| 001 | 000020366 | ||
| 005 | 20200929170403.0 | ||
| 008 | 100813s1908 000 0 spa d | ||
| 040 |
_aDO-SdBNP _bspa _cBNPHU |
||
| 082 |
_axxx _bxxxx |
||
| 245 | 1 | 0 | _aCódigo de procedimiento criminal de la República Dominicana. |
| 260 |
_aSanto Domingo, : _bLa Cuna de América, _c1908. |
||
| 300 |
_a77 p. ; _c27 cm. |
||
| 999 |
_c19870 _d19870 |
||